Organizácia a plánovanie pracovných procesov v poľnohospodárstve cvičenia

Guardado en:
Detalles Bibliográficos
Autor principal: Moravčík, Vladimír
Autor Corporativo: Vysoká škola ekonomická v Bratislave. Fakulta ekonomiky a riadenia výrobných odvetví
Formato: Libro
Lenguaje:eslovaco
Publicado: Bratislava VŠE 1984
Etiquetas: Agregar Etiqueta
Sin Etiquetas, Sea el primero en etiquetar este registro!

MARC

LEADER 00000nam a2200000 4500
001 c116991
005 20190107130250.5
041 0 |a slo 
044 |a SK 
245 1 0 |a Organizácia a plánovanie pracovných procesov v poľnohospodárstve  |b cvičenia  |c Vladimír Moravčík 
264 1 |a Bratislava  |b VŠE  |c 1984 
300 |a 237 s. 
100 1 |a Moravčík, Vladimír 
710 2 |a Vysoká škola ekonomická v Bratislave. Fakulta ekonomiky a riadenia výrobných odvetví